Handbook of Mathematical Economics

Gespeichert in:
Bibliographische Detailangaben
Weitere Verfasser: Arrow, Kenneth J., Intriligator, Michael D.
Format: Buch
Sprache:Englisch
Veröffentlicht: Amsterdam North-Holland 1993
Ausgabe:1. ed., 5. impr.
Schriftenreihe:Handbooks in Economics Book 1
Schlagworte:
Tags: Tag hinzufügen
Keine Tags, Fügen Sie das erste Tag hinzu!

MARC

LEADER 00000nam a2200000 4500
001 c012749
005 20221214082149.5
020 |a 0-444-86127-0 
041 0 |a eng 
044 |a NL 
245 1 0 |a Handbook of Mathematical Economics  |c Edit. Kenneth J. Arrow, Michael D. Intriligator 
250 |a 1. ed., 5. impr. 
264 1 |a Amsterdam  |b North-Holland  |c 1993 
300 |a S.382-1070 
490 1 |a Handbooks in Economics  |v Book 1 
830 0 |a Handbooks in Economics  |v Book 1 
610 2 0 |a ekonómia matematická 
610 2 0 |a metódy ekonomicko-matematické 
610 2 0 |a metódy matematické 
610 2 0 |a analýza ekonometrická 
610 2 0 |a analýzy 
610 2 0 |a teórie ekonomické 
610 2 0 |a teória ekonomická matematická 
700 1 |a Arrow, Kenneth J. 
700 1 |a Intriligator, Michael D.